Vector analysis with applications (Record no. 5838)

000 -LEADER
fixed length control field 00528nam a22002051 4500
001 - CONTROL NUMBER
control field 5838
003 - CONTROL NUMBER IDENTIFIER
control field BD-DhUET
008 - FIXED-LENGTH DATA ELEMENTS--GENERAL INFORMATION
fixed length control field 861017s1932 enka 000 0 eng c
020 ## - INTERNATIONAL STANDARD BOOK NUMBER
International Standard Book Number 8122405487
040 ## - CATALOGING SOURCE
Original cataloging agency DLC/ICU
Transcribing agency CGU
Modifying agency BD-DhUET
082 0# - DEWEY DECIMAL CLASSIFICATION NUMBER
Classification number 516.83
Item number ALI/1993
100 ## - MAIN ENTRY--PERSONAL NAME
Personal name Ali Ashraf, Md.
245 10 - TITLE STATEMENT
Title Vector analysis with applications
250 ## - EDITION STATEMENT
Edition statement 3rd ed.
260 ## - PUBLICATION, DISTRIBUTION, ETC. (IMPRINT)
Place of publication, distribution, etc. New Delhi
Name of publisher, distributor, etc. Wiley Eastern
Date of publication, distribution, etc. 1993
300 ## - PHYSICAL DESCRIPTION
Extent xv,308p.
Other physical details ill.
Dimensions 23 cm.
504 ## - BIBLIOGRAPHY, ETC. NOTE
Bibliography, etc Includes bibliographies
650 #0 - SUBJECT ADDED ENTRY--TOPICAL TERM
Topical term or geographic name as entry element Vector analysis
942 ## - ADDED ENTRY ELEMENTS (KOHA)
Koha item type General Book
Holdings
Koha renewals Koha normalized classification for sorting Koha full call number Koha date last borrowed Shelving location Koha date last seen Damaged status Withdrawn status Price effective from Date acquired Piece designation (barcode) Lost status Location (home branch) Koha issues (times borrowed) Sublocation or collection (holding branch) Koha item type Copy number Source of classification or shelving scheme Koha out on loan Not for loan
 516_830000000000000_ALI_1993516.83/ALI/19932022-12-13Circulation section2022-12-13  2014-11-292014-11-2987531 Central Library, BUET3Central Library, BUETGeneral Book8 2022-12-27 
1516_830000000000000_ALI_1998516.83/ALI/19982025-04-29Circulation section2025-05-13  2014-12-212014-12-2187528 Central Library, BUET13Central Library, BUETGeneral Book2   
 516_830000000000000_ALI_1998516.83/ALI/1998 Circulation section2016-04-02  2015-01-272015-01-2787530 Central Library, BUET Central Library, BUETGeneral Book3   
 516_830000000000000_ALI_1998516.83/ALI/19982022-12-13Circulation section2025-11-30  2015-01-312015-01-3148783 Central Library, BUET6Central Library, BUETGeneral Book4   
 516_830000000000000_ALI_1998516.83/ALI/19982020-01-05Circulation section2020-11-03  2015-02-112015-02-1194102 Central Library, BUET5Central Library, BUETGeneral Book1   
 516_830000000000000_ALI_1993516.83/ALI/19932024-04-02Circulation section2025-11-18  2015-04-112015-04-1187525 Central Library, BUET8Central Library, BUETGeneral Book7   
 516_830000000000000_ALI_1993516.83/ALI/19932023-09-27Circulation section2025-11-29  2015-04-232015-04-2387526 Central Library, BUET6Central Library, BUETGeneral Book6   
 516_830000000000000_ALI_1993516.83/ALI/19932022-03-30Circulation section2022-05-25  2015-05-032015-05-0387529 Central Library, BUET2Central Library, BUETGeneral Book7   
 516_830000000000000_ALI_1993516.83/ALI/1993 Reading section2015-06-07  2015-06-072015-06-0787550 Central Library, BUET Central Library, BUETReading Item9   
 516_830000000000000_ALI_1993516.83/ALI/1993 Reading section2015-06-07  2015-06-072015-06-0792374 Central Library, BUET Central Library, BUETReading Item10   
 516_830000000000000_ALI_1993516.83/ALI/1993 Reading section2015-06-08  2015-06-082015-06-0894100 Central Library, BUET Central Library, BUETReading Item12   
 516_830000000000000_ALI_1993516.83/ALI/1993 Reading section2015-06-14  2015-06-142015-06-1487551 Central Library, BUET Central Library, BUETReading Item13   
 516_830000000000000_ALI_1993516.83/ALI/1993 Circulation section2017-03-04  2015-09-022015-09-0287527 Central Library, BUET Central Library, BUETGeneral Book14